| 000 | 00576nam a2200145Ia 4500 | ||
|---|---|---|---|
| 008 | 170221s9999 xx 000 0 und d | ||
| 100 | _aNasir Mehmood | ||
| 245 | _aJob Satisfaction, Affective Commitment, and Turnover Intentions among Front Desk Staff: Evidence from Pakistan | ||
| 245 | _cNasir Mehmood, Ungku Norulkamar Bt. Ungku Ahmad, Sobia Irum, Muhammad Ashfaq | ||
| 260 | _bInternational Review of Management and Marketing | ||
| 260 | _cNovember 2014 | ||
| 300 | _a3:4 | ||
| 650 | _xMarketing. | ||
| 856 | _uhttp://www.econjournals.com/index.php/irmm/issue/view/77 | ||
| 999 |
_c310230 _d310230 |
||